Fifteen Shades of Orange - Statistics

General Stats
  • This quiz has been taken 232 times
  • The average score is 10 of 15
Answer Stats
Colour Hint Shade % Correct
FFA500 Second colour of the rainbow Orange
99%
ED9121 Rabbit's favourite food, supposedly Carrot
98%
FF7518 Halloween decoration Pumpkin
97%
FFE5B4 Fuzzy, pitted fruit Peach
83%
FE4C40 Where a cowboy may ride off into Sunset
83%
FF7F50 Reef life often mistaken for a plant Coral
82%
CB7119 Striped big cat whose members include Hobbes and Tony Tiger
77%
F4C430 Expensive spice produced in Iran Saffron
59%
EB5E00 Oh, My Darling _______ Clementine
58%
C46210 Mixture of metals, such as Bronze or Brass Alloy
49%
FBCEB1 A smaller fuzzy, pitted fruit Apricot
48%
D99058 From Iran, historically {Persian} Orange
36%
E77500 Ivy League school Princeton
35%
F28500 Canadian bank or a Led Zeppelin song Tangerine
30%
FE5A1D San Franciscan MLB team Giants
26%
No matching quizzes found
Score Distribution
Percent of People with Each Score
Percentile by Number Answered
Your Score History
You have not taken this quiz